000 00811nam a2200241Ia 4500
003 OSt
005 20220926022339.0
006 a|||||r|||| 00| 0
007 ta
008 220923b |||||||| |||| 00| 0 eng d
037 _cGeneral Book
040 _aRTL
_cRTL
_beng
041 _2eng
_aeng
082 _aX9(F55):75.1.N9, N7/UN
100 _aWorrell E, and others
_9327654
245 0 _aPotentials and policy implications of energy and material efficiency improvement
260 _aNew York
_bUnited Nations U S A
_c1997
300 _a103p.
_ccm.
490 _aUnited Nations, Policy Coordination And Sustainable Development (Deptt of-) , Publication
650 _aFuel
942 _hX9(F55):75.1.N9, N7/UN
_cGB
_2CC
999 _c639246
_d639246